00807nam a2200217Ii 45000010005000000030009000050080041000140400033000550410008000880820022000961000025001182450082001432640055002253000012002803360026002923370028003183380027003469400050003739990017004239520149004402553CO-ViMGA241108s9999||||xx |||||||||||||| ||und|| aCO-ViMGAbspaerdacCO-ViMGA0 aspa04aFA Co864.6 - A71c1 aDaniel Arango94589110aLa ciudad de is:bEnsayos y notas de juventud docencia y política educativa 1aBogotá, Colombia : Instituto Caro y Cuervo, 1996 avolumen atextbtxt2rdacontent aunmediatedbn2rdamedia avolumebnc2rdacarrier aidficha_siabuc: 2496. -- ficha_no_siabuc:2553 c40432d40432 001040708FDArangoaMEVIGERRbMEVIGERRcLOCALd2006-07-24oFA Co864.6 - A71cpECA12169r2024-11-26 08:55:14tEj.1w2024-11-26yBKz2496 | 3030